Documents linguistiques et ethnographiques : sur une région du sud Tunisien, Nefzaoua /

محفوظ في:

المؤلف الرئيسي: Boris, Gilbert (مؤلف)

التنسيق: كتاب

اللغة: French
Arabic

منشور في: Paris : Imprimerie Nationale de France, 1951.

الموضوعات:

الوسوم: إضافة وسم

لا توجد وسوم, كن أول من يضع وسما على هذه التسجيلة!

رقم الطلب: DT268 .N4 B6 1951

LEADER 01660nam a2200385Ma 4500
001 8733
003 OSt
005 20200503105719.0
008 130303s1951 fr abf e 000 0 fre d
952 |0 0  |1 0  |2 lcc  |4 0  |6 DT0268 N4 B6 01951  |7 1  |9 1847  |a ARCE  |b ARCE  |d 2020-05-03  |l 0  |o DT268 .N4 B6 1951  |p 1000173  |r 2020-05-03 00:00:00  |w 2020-05-03  |y BK 
999 |c 3680  |d 3680 
010 |a 55038907 
035 |a ocm23417470 
040 |c ARCE Library 
041 0 |a fre  |a ara 
043 |a f-ti--- 
050 0 4 |a DT268 .N4 B6 1951 
100 1 |a Boris, Gilbert,  |e author 
245 1 0 |a Documents linguistiques et ethnographiques :  |b sur une région du sud Tunisien, Nefzaoua /  |c Gilbert Boris. 
264 1 |a Paris :  |b Imprimerie Nationale de France,  |c 1951. 
300 |a xvi, 272 pages, [9] leaves of plates :  |b illustrations, maps (folded) ;  |c 25 cm. 
336 |a text  |b txt  |2 rdacontent 
337 |a unmediated  |b n  |2 rdamedia 
338 |a volume  |b nc  |2 rdacarrier 
500 |a "Publié avec le concours de l'institute des hautes études de Tunis, de l'institute des hautes études marocaines, du Gouvernement Général de l'Algérie et du centre national de la recherche scientifique." 
500 |a Contributions in Arabic (with their transcription) and French. 
546 |a Text in French and Arabic  
650 0 |a Arabic language  |x Dialects  |z Tunisia  |z Nefzaoua. 
650 0 |a Ethnology  |z Tunisia  |z Nefzaoua. 
901 |a reviewed 
907 |a .b24430316  |b 02-04-08  |c 01-30-08 
942 |c BK  |2 lcc 
945 |a DT268 .N4 B6 1951  |g 1  |i mq243518  |l 1arce  |o z  |p $0.00  |q    |r    |s w  |t 0  |u 0  |v 0  |w 0  |x 0  |y .i31505971  |z 02-04-08 
949 |a DT268 .N4 B6 1951  |c arcesim 
998 |b 01-30-08  |c m  |d -  |i 1